Statistics for Isn't She Lovely? - Stevie Wonder (All Lyrics)

Click here to take the quiz!

General Stats

  • This quiz has been taken 270 times
  • The average score is 66 of 108

Answer Stats

Lyrics% Correct
I
99%
is
99%
love
99%
love.
99%
love?
99%
she.
99%
she
99%
isn't
98%
Isn't
98%
lovely
98%
lovely?
98%
wonderful?
90%
be.
84%
precious?
70%
one
68%
one.
68%
from
65%
made
65%
The
64%
the
64%
he's
62%
never
59%
We
56%
we'd
56%
so
55%
thought
55%
But
54%
as
53%
could
53%
than
52%
minute
51%
pretty?
51%
to
51%
That's
50%
and
49%
old.
49%
what
49%
of
48%
her
47%
Less
47%
God
44%
have
44%
can't
43%
I'm
42%
it
42%
you
42%
been
40%
done
40%
done.
40%
has
40%
life
40%
Life
40%
believe
39%
happy.
39%
Through
38%
through
38%
heaven
37%
angel's
36%
are
36%
blessed.
36%
Making
35%
us
34%
given
33%
not
33%
best.
32%
Truly
32%
name.
31%
meaning
29%
Boy,
28%
very
28%
who
28%
Aisha.
27%
same.
24%
without
23%
conceived
19%
Londie,
16%

Score Distribution

Percentile by Number Answered

Percent of People with Each Score

Your Score History

You have not taken this quiz